Crisis y coyuntura crítica: La caída de Arbenz y los contratiempos de la revolución burguesa /
Situación político - social en torno a la caída del gobierno de Arbenz en Guatemala (1954). Analiza la situación guatemalteca en el gobierno arbencista enfantizando en las contradicciones que el proceso fue generando y que se hicieron determinantes cuando el poder que intentaba ser popular se propus...
Gardado en:
| Autor Principal: | |
|---|---|
| Formato: | Texto |
| Materias: | |
| Etiquetas: |
Engadir etiqueta
Sen Etiquetas, Sexa o primeiro en etiquetar este rexistro!
|
MARC
| LEADER | 00000 a a2200000 04500 | ||
|---|---|---|---|
| 001 | 45381 | ||
| 003 | |||
| 040 | |||
| 090 | |a REV0780 (4)1977 | ||
| 100 | |a Torres Rivas, Edelberto | ||
| 245 | |a Crisis y coyuntura crítica: |b La caída de Arbenz y los contratiempos de la revolución burguesa / |c Edelberto Torres Rivas | ||
| 520 | |a Situación político - social en torno a la caída del gobierno de Arbenz en Guatemala (1954). Analiza la situación guatemalteca en el gobierno arbencista enfantizando en las contradicciones que el proceso fue generando y que se hicieron determinantes cuando el poder que intentaba ser popular se propuso alcanzar objetivos para los que no tenía fuerza, lo que trajo como consecuencia una contra - revolución con participación de fuerzas sociales internas y el apoyo del imperialismo./ACM | ||
| 650 | |a GUATEMALA | ||
| 650 | |a IMPERIALISMO | ||
| 650 | |a GOLPE DE ESTADO | ||
| 773 | |g número4, II Epoca, (julio - diciembre, 1977), páginas 53-83 | ||
| 999 | |c 24662 |d 24662 | ||
